Oxforfd Advanced Learner's Dictionary / (Record no. 32273)

000 -LEADER
fixed length control field 00547nam a22002177a 4500
003 - CONTROL NUMBER IDENTIFIER
control field Nust
005 - DATE AND TIME OF LATEST TRANSACTION
control field 20210806115258.0
008 - FIXED-LENGTH DATA ELEMENTS--GENERAL INFORMATION
fixed length control field 170209b xxu||||| |||| 00| 0 eng d
020 ## - INTERNATIONAL STANDARD BOOK NUMBER
International Standard Book Number 0-19-4799003
038 ## - RECORD CONTENT LICENSOR
Staff Name khadija
040 ## - CATALOGING SOURCE
Transcribing agency c
082 ## - DEWEY DECIMAL CLASSIFICATION NUMBER
Classification number 420.03
Author Mark OXF
100 ## - MAIN ENTRY--PERSONAL NAME
Personal name Turnbull, Joanna
9 (RLIN) 33255
245 ## - TITLE STATEMENT
Title Oxforfd Advanced Learner's Dictionary /
Statement of responsibility, etc. Joanna Turnbull
250 ## - EDITION STATEMENT
Edition statement 8th ed.
260 ## - PUBLICATION, DISTRIBUTION, ETC.
Place of publication, distribution, etc. New York :
Name of publisher, distributor, etc. Oxford,
Date of publication, distribution, etc. 2010.
300 ## - PHYSICAL DESCRIPTION
Extent (i-v) p. ;
Dimensions 24 cm.
500 ## - GENERAL NOTE
General note Paperback.
563 ## - BINDING INFORMATION
Binding note paper back
942 ## - ADDED ENTRY ELEMENTS (KOHA)
Koha item type Book
Source of classification or shelving scheme
Holdings
Withdrawn status Lost status Source of classification or shelving scheme Damaged status Not for loan Permanent Location Current Location Shelving location Date acquired Full call number Barcode Date last seen Price effective from Koha item type Public note
          School of Mechanical & Manufacturing Engineering (SMME) School of Mechanical & Manufacturing Engineering (SMME) Reference 08/03/2015 420.03 OXF SMME-912 03/27/2018 08/03/2015 Book Rack,9-Shelf,1
© 2023 Central Library, National University of Sciences and Technology. All Rights Reserved.